Guess the tennis player's nationality - Statistics

General Stats
  • This quiz has been taken 98 times
  • The average score is 16 of 17
Answer Stats
Player Country % Correct
Daniil Medvedev Russia
99%
Novak Djokovic Serbia
99%
Bautista Agut Spain
99%
Rafael Nadal Spain
99%
Matteo Berrettini Italy
95%
Alexander Zverev Germany
94%
Roger Federer Switzerland
94%
Marc-Andrea Husler Switzerland
94%
Nick Kyrgios Australia
93%
Bjorn Borg Sweden
93%
Casper Ruud Norway
92%
Grigor Dimitrov Bulgaria
89%
Dimitar Kuzmanov Bulgaria
89%
Taylor Fritz USA
87%
Holger Rune Denmark
86%
Andy Murray Scotland
76%
Ilya Ivashka Belarus
73%
No matching quizzes found
Score Distribution
Percent of People with Each Score
Percentile by Number Answered
Your Score History
You have not taken this quiz